[Event "SR 4. liga A21 2008/2009"]
[Site "?"]
[Date "2008.11.09"]
[Round "3.6"]
[White "Pisecky, Jan"]
[Black "Dedacek, Miroslav"]
[Result "1/2-1/2"]
[WhiteElo "1546"]
[BlackElo "1630"]
[PlyCount "130"]
[EventDate "2008.??.??"]

1. e4 e5 2. Bc4 Nf6 3. d3 d6 4. h3 Be7 5. Nc3 Nc6 6. a3 Bd7 7. Nf3 a6 8. Be3 h6
9. Qd2 Na5 10. Ba2 c5 11. Nd5 Nc6 12. b4 b6 13. Nxf6+ Bxf6 14. c3 Qe7 15. Bd5
Rc8 16. Rb1 Be6 17. Qa2 O-O 18. Bxe6 Qxe6 19. Qxe6 fxe6 20. bxc5 bxc5 21. O-O
Rb8 22. Nd2 Na5 23. f4 exf4 24. Rxb8 Rxb8 25. Bxf4 e5 26. Bxh6 Kh7 27. Be3 Rb2
28. Rb1 Rxb1+ 29. Nxb1 Nb3 30. g3 Kg6 31. h4 Kh5 32. Kg2 Kg4 33. a4 g5 34. Kf1
gxh4 35. gxh4 Bxh4 36. Ke2 Bg5 37. Na3 Na5 38. Bf2 Bh4 39. Bg1 Bg5 40. d4 Be7
41. dxc5 dxc5 42. c4 Kf4 43. Kd3 Nc6 44. Nc2 Bd6 45. Bh2+ Kg5 46. Ne3 Ne7 47.
Nd5 Nc8 48. Bg1 Kg6 49. Bf2 Kf7 50. a5 Ke6 51. Bh4 Kf7 52. Bd8 Ke6 53. Bc7 Kd7
54. Bb6 Kc6 55. Bd8 Kd7 56. Bf6 Ke6 57. Bg5 Kd7 58. Nf6+ Kc6 59. Ng4 Bc7 60.
Bf6 Bxa5 61. Nxe5+ Kd6 62. Nf3 Ke6 63. Bb2 Nd6 64. Ne5 Bb4 65. Nc6 a5 1/2-1/2

[Event "SR 4. liga A21 2008/2009"]
[Site "?"]
[Date "2008.11.23"]
[Round "4.1"]
[White "Florek, Jozef"]
[Black "Nemeckay, Rastislav"]
[Result "0-1"]
[WhiteElo "1521"]
[BlackElo "1749"]
[PlyCount "46"]
[EventDate "2008.??.??"]

1. e4 e5 2. Bc4 Bc5 3. Nf3 Nc6 4. d3 Nf6 5. Nc3 h6 6. a3 d6 7. h3 O-O 8. O-O
Re8 9. b4 Bb6 10. Nd5 Nxd5 11. Bxd5 Ne7 12. Bc4 Ng6 13. c3 Qf6 14. Nh2 Be6 15.
Bxe6 Rxe6 16. Ng4 Qh4 17. Ne3 Nf4 18. Qf3 Rg6 19. Kh1 Bxe3 20. fxe3 Rg3 21. Qf2
Nxh3 22. Qxf7+ Kh8 23. Qf5 Nf4+ 0-1

[Event "SR 4. liga A21 2008/2009"]
[Site "?"]
[Date "2008.11.23"]
[Round "4.1"]
[White "Hanzluvka, Peter"]
[Black "Kicinja, Jan"]
[Result "1-0"]
[WhiteElo "2038"]
[BlackElo "1806"]
[PlyCount "101"]
[EventDate "2008.??.??"]

1. e4 c5 2. Nc3 Nc6 3. f4 d6 4. Nf3 Nf6 5. Bb5 Bd7 6. O-O Nd4 7. Bxd7+ Qxd7 8.
e5 Nxf3+ 9. Qxf3 Ng8 10. Ne4 O-O-O 11. d3 f6 12. Be3 f5 13. Nd2 Nh6 14. b4 dxe5
15. fxe5 e6 16. h3 Nf7 17. Nc4 Qd5 18. bxc5 Bxc5 19. Qxd5 Rxd5 20. Bxc5 Rxc5
21. Rfe1 Rd8 22. a4 g5 23. Re2 f4 24. Kf2 Kc7 25. g3 Rd4 26. Rf1 a6 27. a5 Rdd5
28. gxf4 gxf4 29. Rfe1 Nh8 30. h4 Ng6 31. h5 Ne7 32. Re4 Nc6 33. Rxf4 Nxa5 34.
Nxa5 Rxc2+ 35. Kf3 Rxa5 36. Rf7+ Kc6 37. Rxh7 Raa2 38. Re7 Rf2+ 39. Ke4 Rh2 40.
Rxe6+ Kd7 41. Rd6+ Ke7 42. h6 Rh4+ 43. Kf5 Rh5+ 44. Ke4 Rah2 45. Rb6 Rxh6 46.
Rxb7+ Kd8 47. Rg1 Rh8 48. Kd5 Ke8 49. Rb6 R2h6 50. Rb8+ Kd7 51. Rb7+ 1-0

[Event "SR 4. liga A21 2008/2009"]
[Site "?"]
[Date "2008.11.23"]
[Round "4.1"]
[White "Kurinec, Jozef"]
[Black "Pagerka, Slavomir"]
[Result "1/2-1/2"]
[WhiteElo "1757"]
[BlackElo "1848"]
[PlyCount "75"]
[EventDate "2008.??.??"]

1. e4 e6 2. d4 d5 3. exd5 exd5 4. Nf3 Nf6 5. Bg5 Be7 6. h3 O-O 7. Bd3 Nc6 8. c3
Ne4 9. Bxe7 Nxe7 10. O-O Ng6 11. Nbd2 f5 12. Re1 Qf6 13. Nf1 Bd7 14. Qb3 Bc6
15. Bxe4 fxe4 16. Rxe4 Nf4 17. N1h2 Qg6 18. Rxf4 Rxf4 19. Re1 Re8 20. Ne5 Qf5
21. Nhf3 a6 22. c4 dxc4 23. Qxc4+ Kh8 24. d5 Bb5 25. Qxc7 Rxf3 26. Nxf3 Qxd5
27. Rxe8+ Bxe8 28. Qe7 Bf7 29. Ne5 Bg8 30. b3 a5 31. Ng4 Qd1+ 32. Kh2 Qa1 33.
Qe2 Qd4 34. Qe5 Qd2 35. f4 Qxa2 36. f5 Qxb3 37. f6 Qf7 38. fxg7+ 1/2-1/2

[Event "SR 4. liga A21 2008/2009"]
[Site "?"]
[Date "2008.11.23"]
[Round "4.1"]
[White "Nemeckayova, Monika"]
[Black "Adamec, Jozef"]
[Result "0-1"]
[WhiteElo "1505"]
[BlackElo "1461"]
[PlyCount "66"]
[EventDate "2008.??.??"]

1. e4 e5 2. Nf3 d6 3. d4 Bg4 4. c3 Nd7 5. Be2 Be7 6. Be3 Bf6 7. d5 Ne7 8. c4
Ng6 9. Qd2 O-O 10. Nc3 Bxf3 11. gxf3 a5 12. a4 b6 13. O-O-O Nc5 14. Kc2 Na6 15.
b3 Nc5 16. f4 exf4 17. Bxf4 Bxc3 18. Qxc3 Nxf4 19. Rhg1 Ng6 20. h4 f6 21. h5
Ne5 22. f4 Nf7 23. Qg3 Ng5 24. fxg5 fxg5 25. Bd3 h6 26. e5 dxe5 27. Qxe5 Nxd3
28. Rxd3 Rf6 29. Re3 Qf8 30. Qxc7 Rf2+ 31. Kc3 Qb4+ 32. Kd4 Qd2+ 33. Rd3 Rf4+
0-1

[Event "SR 4. liga A21 2008/2009"]
[Site "?"]
[Date "2008.11.23"]
[Round "4.1"]
[White "Skapik, Branislav"]
[Black "Dedacek, Miroslav"]
[Result "1-0"]
[WhiteElo "1823"]
[BlackElo "1630"]
[PlyCount "81"]
[EventDate "2008.??.??"]

1. c4 Nf6 2. Nc3 e6 3. g3 d5 4. Bg2 c6 5. cxd5 exd5 6. d4 Nbd7 7. Nf3 h6 8. O-O
Bd6 9. Re1 O-O 10. a3 Re8 11. Qc2 Nf8 12. b4 a6 13. Nd2 Be6 14. Nb3 Qd7 15. Na4
Qc7 16. Nac5 N6d7 17. e4 dxe4 18. Nxe4 Bd5 19. Bd2 Ne6 20. f4 Bxb3 21. Qxb3
Nxd4 22. Qd3 Nf5 23. Bh3 Qb6+ 24. Kg2 Qd4 25. Qxd4 Nxd4 26. Nxd6 Rxe1 27. Rxe1
Nf6 28. Nxb7 Rb8 29. Nd6 Rd8 30. Nb7 Rb8 31. Nc5 Nc2 32. Re7 Nd5 33. Nxa6 Ra8
34. Nc7 Rxa3 35. Nxd5 cxd5 36. Re8+ Kh7 37. Bf5+ g6 38. Bxc2 Ra2 39. Rc8 d4 40.
Kh3 d3 41. Bc3 1-0

[Event "SR 4. liga A21 2008/2009"]
[Site "?"]
[Date "2008.11.23"]
[Round "4.2"]
[White "Damborsky, Pavol"]
[Black "Slaby, Jozef"]
[Result "0-1"]
[WhiteElo "1664"]
[BlackElo "1930"]
[PlyCount "113"]
[EventDate "2008.??.??"]

1. c4 Nf6 2. Nc3 e6 3. Nf3 Bb4 4. d4 O-O 5. Bd2 Nc6 6. e3 b6 7. Bd3 Bb7 8. O-O
Ne7 9. a3 Bxc3 10. Bxc3 d5 11. c5 bxc5 12. dxc5 Ne4 13. Bd4 Ng6 14. Qc2 a5 15.
Bxe4 dxe4 16. Nd2 Qd5 17. Rfd1 e5 18. Bc3 Qxc5 19. Nxe4 Qc6 20. f3 a4 21. Rac1
Qb6 22. Re1 Rfd8 23. Bb4 Bxe4 24. Qxe4 Rac8 25. Rc4 Ra8 26. Bc3 f6 27. Rxa4
Rxa4 28. Qxa4 Ne7 29. Qc4+ Kh8 30. Qb4 Qe6 31. e4 Ng6 32. Bd2 h6 33. Be3 Qa6
34. Qc3 c6 35. Qc1 Kh7 36. Rd1 Rb8 37. Rd6 Qe2 38. Qd2 Rxb2 39. Qxe2 Rxe2 40.
Bf2 Ra2 41. g3 Rxa3 42. Rxc6 Rxf3 43. Kg2 Rb3 44. Rc2 Nf8 45. Re2 Ne6 46. Rd2
Ng5 47. Re2 Rb4 48. Be1 Rxe4 49. Rxe4 Nxe4 50. Kf3 Ng5+ 51. Kg4 Kg6 52. Bb4 f5+
53. Kh4 e4 54. Bc5 Nf3+ 55. Kh3 Ne1 56. Bf2 Nc2 57. Kg2 0-1

[Event "SR 4. liga A21 2008/2009"]
[Site "?"]
[Date "2008.11.23"]
[Round "4.2"]
[White "Hanzalik, Alojz"]
[Black "Vagovic, Milan"]
[Result "1-0"]
[WhiteElo "1380"]
[BlackElo "1667"]
[PlyCount "124"]
[EventDate "2008.??.??"]

1. e4 e5 2. Nf3 Nc6 3. b3 Bc5 4. c3 Nf6 5. d3 d6 6. Be2 O-O 7. O-O h6 8. Bb2
Bb6 9. Nbd2 Re8 10. Re1 a6 11. Qc2 Ne7 12. d4 Ng6 13. g3 Bh3 14. Bf1 Bg4 15.
Bg2 c6 16. h3 Bc8 17. Rad1 Qc7 18. Re2 Ba7 19. Rde1 b5 20. b4 Bb7 21. a3 a5 22.
dxe5 dxe5 23. c4 bxc4 24. Nxc4 axb4 25. axb4 Ba6 26. Rd2 Nd7 27. Nh2 Rab8 28.
Ba3 Bd4 29. Na5 Bb5 30. Red1 Ra8 31. Bb2 Ndf8 32. Bxd4 exd4 33. Rxd4 Ne6 34.
Rd7 Qc8 35. Ng4 Rd8 36. Rxd8+ Nxd8 37. Qc5 Ne6 38. Qf5 Ra6 39. Rd6 Qe8 40. h4
c5 41. Rxa6 Bxa6 42. bxc5 Qb5 43. c6 Qb1+ 44. Kh2 Ne7 45. Qe5 Qb6 46. Qc3 Bc8
47. Ne3 Qa7 48. Nd5 Ng6 49. Bh3 Qxf2+ 50. Bg2 Ba6 51. Qf3 Qc5 52. Qc3 Qf2 53.
c7 Nxc7 54. Nxc7 Qb6 55. h5 Nf8 56. Nd5 Qf2 57. Qf3 Qc5 58. Qc3 Qd6 59. Nc6 Kh8
60. e5 Qd7 61. Be4 Qg4 62. Bf3 Qe6 1-0

[Event "SR 4. liga A21 2008/2009"]
[Site "?"]
[Date "2008.11.23"]
[Round "4.2"]
[White "Kupkovic, Miroslav"]
[Black "Pisecky, Jan"]
[Result "0-1"]
[WhiteElo "1690"]
[BlackElo "1546"]
[PlyCount "110"]
[EventDate "2008.??.??"]

1. d4 d5 2. c4 c6 3. Nc3 e6 4. e3 a6 5. Nf3 g6 6. b3 Bg7 7. cxd5 exd5 8. Bd2
Nf6 9. Bd3 O-O 10. h3 Re8 11. O-O Nbd7 12. Rc1 Nh5 13. Na4 f5 14. Qc2 Nhf6 15.
Bb4 Ne4 16. Bxe4 fxe4 17. Nh2 Nf6 18. Qc5 Bf8 19. Qc3 Bd7 20. Bxf8 Rxf8 21. Nc5
Qc8 22. Nxd7 Qxd7 23. Rc2 Rf7 24. Qd2 Raf8 25. Qe2 h5 26. Qd1 Qe6 27. Qe2 Kg7
28. Qd1 Kh6 29. Qe2 g5 30. Qd1 Rg8 31. Qe2 Rfg7 32. g4 h4 33. Qd1 Rf7 34. Qe2
Rgf8 35. Qd1 Qd6 36. Qe2 Nd7 37. Qd1 c5 38. Re1 b5 39. Ree2 c4 40. bxc4 dxc4
41. Nf1 Ne5 42. Nh2 Nd3 43. Qb1 Rf6 44. Qf1 R6f7 45. Qg2 Rf3 46. Qf1 R3f6 47.
Qg2 Qd5 48. Rcd2 b4 49. Qh1 a5 50. Qg2 a4 51. Qh1 b3 52. axb3 axb3 53. Qg2 c3
54. Rxd3 exd3 55. Qxd5 dxe2 0-1

[Event "SR 4. liga A21 2008/2009"]
[Site "?"]
[Date "2008.11.23"]
[Round "4.2"]
[White "Pripko, Bystrik"]
[Black "Ralbovsky, Milan"]
[Result "1-0"]
[WhiteElo "1560"]
[BlackElo "1350"]
[PlyCount "43"]
[EventDate "2008.??.??"]

1. e4 e5 2. Nf3 d6 3. h3 h6 4. Bc4 Nf6 5. Nc3 a6 6. d3 Be7 7. O-O O-O 8. Nd5
Nxd5 9. Bxd5 c6 10. Bb3 Nd7 11. Nh2 Nc5 12. f4 Nxb3 13. axb3 exf4 14. Bxf4 d5
15. exd5 Qxd5 16. c3 Bg5 17. Bxg5 Qxg5 18. Kh1 Bf5 19. Nf3 Qh5 20. Ra5 b5 21.
Ne5 Bxh3 22. Qxh5 1-0

[Event "SR 4. liga A21 2008/2009"]
[Site "?"]
[Date "2008.11.23"]
[Round "4.2"]
[White "Slaby, Marian"]
[Black "Cerovsky, Marian"]
[Result "1-0"]
[WhiteElo "1860"]
[BlackElo "1805"]
[PlyCount "95"]
[EventDate "2008.??.??"]

1. d4 d5 2. c4 Nf6 3. Nc3 c6 4. e3 e6 5. Nf3 Nbd7 6. Be2 Be7 7. O-O O-O 8. b3
Qc7 9. Bb2 b6 10. Rc1 Bb7 11. Bd3 Bd6 12. cxd5 exd5 13. Nb5 Qb8 14. Nxd6 Qxd6
15. Ne5 Qe6 16. Qc2 Rac8 17. Nxd7 Nxd7 18. Bxh7+ Kh8 19. Bf5 Qd6 20. e4 g6 21.
e5 Qe7 22. Bxd7 Qxd7 23. f4 Qf5 24. Qf2 Kg7 25. Ba3 Rh8 26. Be7 Rh7 27. Rc3 Rc7
28. Bf6+ Kf8 29. Qc2 Qxc2 30. Rxc2 Bc8 31. Re1 Bd7 32. b4 b5 33. a4 a6 34. axb5
axb5 35. Ra2 Bc8 36. Rea1 Ke8 37. Ra7 Bb7 38. h4 Kd7 39. g4 Ke6 40. Rf1 Kd7 41.
f5 gxf5 42. Rxf5 Kc8 43. Rh5 Rxh5 44. gxh5 Kb8 45. Rxb7+ Kxb7 46. h6 Rc8 47. h7
Ra8 48. h8=Q 1-0

[Event "SR 4. liga A21 2008/2009"]
[Site "?"]
[Date "2008.11.23"]
[Round "4.3"]
[White "Bjel, Jan"]
[Black "Nemsak, Denis"]
[Result "1-0"]
[WhiteElo "1703"]
[BlackElo "1476"]
[PlyCount "59"]
[EventDate "2008.??.??"]

1. d4 d5 2. Nf3 Bf5 3. Bf4 Nc6 4. a3 e6 5. e3 h6 6. c4 Bd6 7. Bxd6 Qxd6 8. Nc3
Nge7 9. Rc1 O-O 10. Be2 a6 11. O-O dxc4 12. Bxc4 b5 13. Bd3 Bxd3 14. Qxd3 f6
15. Rfd1 Rfd8 16. Ne4 Qd7 17. Nc5 Qc8 18. Qe4 Kf7 19. Nd3 Rd5 20. Nd2 Nd8 21.
Nf4 Rd6 22. Qf3 c6 23. Ne4 Rd7 24. Qh5+ Kf8 25. Nxf6 gxf6 26. Qxh6+ Kg8 27. Nh5
Nf5 28. Qg6+ Rg7 29. Nxf6+ Kh8 30. Qh5+ 1-0

[Event "SR 4. liga A21 2008/2009"]
[Site "?"]
[Date "2008.11.23"]
[Round "4.3"]
[White "Gono, Michal"]
[Black "Blatnicky, Miroslav"]
[Result "0-1"]
[WhiteElo "1854"]
[BlackElo "2107"]
[PlyCount "116"]
[EventDate "2008.??.??"]

1. d4 e6 2. c4 d5 3. Nc3 Nf6 4. Bg5 Nbd7 5. e3 c6 6. a3 Be7 7. Nf3 O-O 8. Rc1
a6 9. Be2 h6 10. Bh4 dxc4 11. Bxc4 b5 12. Ba2 c5 13. dxc5 Nxc5 14. Qxd8 Rxd8
15. O-O Bb7 16. Rfd1 Rxd1+ 17. Rxd1 Bxf3 18. gxf3 Rd8 19. Rxd8+ Bxd8 20. Bg3
Nfd7 21. Bd6 Bf6 22. Bxc5 Nxc5 23. Ne4 Nxe4 24. fxe4 Bxb2 25. a4 bxa4 26. Kf1
Kh7 27. Ke2 Kg6 28. Kf3 Kf6 29. Ke2 Bc3 30. f4 a5 31. Bc4 Bb4 32. Ba2 a3 33.
Bb3 Ke7 34. Kd3 Kd6 35. Kd4 Bc5+ 36. Kd3 Bb6 37. Ba2 Kc6 38. h3 g5 39. Bb3 Bc7
40. f5 Kd6 41. Ke2 Ke5 42. Kf3 h5 43. Ba2 Bb6 44. Bb3 a4 45. Bc4 exf5 46. exf5
Kxf5 47. Bxf7 g4+ 48. hxg4+ hxg4+ 49. Ke2 Bc7 50. Kd2 Ke4 51. Ke2 g3 52. Bc4
Bb6 53. Bd3+ Kd5 54. Bb1 Kc4 55. Kf3 Bc7 56. e4 Kb3 57. Ke3 g2 58. Kf2 a2 0-1

[Event "SR 4. liga A21 2008/2009"]
[Site "?"]
[Date "2008.11.23"]
[Round "4.3"]
[White "Lanyi, Frantisek"]
[Black "Bardik, Jozef"]
[Result "1-0"]
[WhiteElo "1743"]
[BlackElo "1792"]
[PlyCount "109"]
[EventDate "2008.??.??"]

1. e4 c6 2. d4 d5 3. e5 Bf5 4. Bd3 Bg6 5. f4 Bxd3 6. Qxd3 e6 7. Nf3 h6 8. O-O
Nd7 9. Be3 Qc7 10. f5 O-O-O 11. fxe6 fxe6 12. Nh4 g5 13. Ng6 Rh7 14. Nxf8 Nxf8
15. Nd2 Rf7 16. Rxf7 Qxf7 17. Rf1 Qe7 18. c4 Kb8 19. cxd5 cxd5 20. Rc1 Rc8 21.
Rxc8+ Kxc8 22. Nb3 b6 23. Bd2 Kd8 24. a4 Ke8 25. a5 Kf7 26. axb6 axb6 27. Qb5
Nd7 28. Bb4 Qd8 29. Qf1+ Kg7 30. Nc1 Ne7 31. Bxe7 Qxe7 32. Qe1 Qf8 33. Ne2 Kg6
34. Ng3 Qf4 35. Qb1+ Kf7 36. Qh7+ Ke8 37. Ne2 Qf8 38. Qg6+ Ke7 39. h3 Qh8 40.
Nc3 Nf8 41. Qd3 Qg7 42. Na4 Nd7 43. Qb5 g4 44. Nxb6 Nxe5 45. dxe5 Qxe5 46. Qc5+
Kd8 47. Qc8+ Ke7 48. Qf8+ Kxf8 49. Nd7+ Ke7 50. Nxe5 gxh3 51. gxh3 h5 52. Ng6+
Kd6 53. Nf4 d4 54. Nxh5 e5 55. Ng3 1-0

[Event "SR 4. liga A21 2008/2009"]
[Site "?"]
[Date "2008.11.23"]
[Round "4.3"]
[White "Lesay, Dominik"]
[Black "Krchnak, Rudolf"]
[Result "1-0"]
[WhiteElo "1584"]
[BlackElo "1930"]
[PlyCount "129"]
[EventDate "2008.??.??"]

1. e4 d6 2. Bc4 Nf6 3. Nc3 c6 4. h3 g6 5. d4 Bg7 6. Nf3 O-O 7. O-O Nbd7 8. Re1
Nb6 9. Bb3 d5 10. e5 Ne8 11. Na4 Nxa4 12. Bxa4 Nc7 13. c3 Ne6 14. b4 b5 15. Bc2
f6 16. a4 Nc7 17. a5 fxe5 18. Nxe5 Bxe5 19. Rxe5 Bf5 20. Bg5 Ne6 21. Bxf5 Nxg5
22. Be6+ Nxe6 23. Rxe6 Rc8 24. Qg4 Rc7 25. Rae1 Rf6 26. h4 Qf8 27. h5 Rxe6 28.
Qxe6+ Qf7 29. hxg6 hxg6 30. Qe5 Rb7 31. a6 Rd7 32. Re3 Qf5 33. Qe6+ Qxe6 34.
Rxe6 Rc7 35. Rxg6+ Kf7 36. Rh6 Kg7 37. Re6 Kf7 38. Re1 e6 39. f3 Kf6 40. Kf2
Rh7 41. Rg1 Rh2 42. Ke3 Rh4 43. Kf2 Rh2 44. Re1 Rh4 45. Kg1 Rh5 46. g3 Rh3 47.
Kg2 Rh5 48. g4 Rh6 49. Re5 Rh4 50. Rh5 Rxh5 51. gxh5 e5 52. dxe5+ Kxe5 53. f4+
Kf5 54. h6 Kg6 55. Kf3 Kxh6 56. Ke3 Kg6 57. Kd4 Kf5 58. Kc5 Kxf4 59. Kxc6 Ke4
60. Kc5 Ke5 61. Kxb5 d4 62. cxd4+ Kxd4 63. Kc6 Kc4 64. b5 Kb4 65. b6 1-0

[Event "SR 4. liga A21 2008/2009"]
[Site "?"]
[Date "2008.11.23"]
[Round "4.3"]
[White "Nedorost, Lubomir"]
[Black "Bjel, Tomas"]
[Result "0-1"]
[WhiteElo "1588"]
[BlackElo "1623"]
[PlyCount "66"]
[EventDate "2008.??.??"]

1. e4 e5 2. Nc3 Nf6 3. f4 d6 4. Nf3 exf4 5. Bc4 Be6 6. Qe2 Nc6 7. O-O Ne5 8.
Bxe6 fxe6 9. d4 Nxf3+ 10. Qxf3 e5 11. dxe5 dxe5 12. Kh1 Bd6 13. b3 g5 14. Qh3
Qd7 15. Qh6 Qf7 16. Qxg5 Rg8 17. Qf5 Qg7 18. Rf2 Qg6 19. Qe6+ Kf8 20. Bb2 Re8
21. Qc4 Ng4 22. Rd2 Qh6 23. g3 f3 24. Qd3 f2 25. Qf3+ Ke7 26. Nd5+ Kd8 27. Rxf2
Ref8 28. Nf4 Nxf2+ 29. Qxf2 exf4 30. e5 fxg3 31. Qe2 Rf2 32. Qxf2 gxf2 33. exd6
Qxd6 0-1

[Event "SR 4. liga A21 2008/2009"]
[Site "?"]
[Date "2008.11.23"]
[Round "4.4"]
[White "Brisudova, Veronika"]
[Black "Vach, Jozef"]
[Result "0-1"]
[WhiteElo "1777"]
[BlackElo "1917"]
[PlyCount "82"]
[EventDate "2008.??.??"]

1. e4 e5 2. Nf3 Nc6 3. Bc4 Be7 4. O-O d6 5. a4 Nf6 6. d3 Bg4 7. Be3 O-O 8. h3
Bh5 9. Nbd2 Na5 10. Ba2 c5 11. c3 Nc6 12. Kh1 h6 13. Rg1 d5 14. exd5 Nxd5 15.
Nf1 Nxe3 16. fxe3 Bg6 17. Bb1 Qd7 18. Ng3 f5 19. Qe2 Rad8 20. Rd1 Kh8 21. Bc2
f4 22. Ne4 Bh5 23. Rf1 Rf7 24. Bb3 Rf5 25. Rad1 Rdf8 26. d4 Bxf3 27. Rxf3 cxd4
28. exd4 exd4 29. cxd4 b6 30. d5 Ne5 31. d6 Bh4 32. Bc2 Nxf3 33. Qxf3 Re5 34.
Qd3 Rfe8 35. Qf3 Qf5 36. d7 Rd8 37. Qd3 Re7 38. Qc4 Rexd7 39. Rf1 Rd4 40. Qc6
Rc8 41. Nc3 Qxh3+ 0-1

[Event "SR 4. liga A21 2008/2009"]
[Site "?"]
[Date "2008.11.23"]
[Round "4.4"]
[White "Harasta, Marian"]
[Black "Kubik, Peter"]
[Result "1-0"]
[WhiteElo "1648"]
[BlackElo "1491"]
[PlyCount "49"]
[EventDate "2008.??.??"]

1. d4 d5 2. c4 Nf6 3. Nc3 e6 4. Nf3 Bd6 5. e3 Nbd7 6. Bd3 c6 7. O-O O-O 8. Qc2
h6 9. a4 a5 10. c5 Bc7 11. b3 b6 12. cxb6 Bxb6 13. Ba3 Re8 14. Rfb1 Ba6 15. b4
Bxd3 16. Qxd3 axb4 17. Bxb4 Ba5 18. Bd6 Bxc3 19. Qxc3 Ra6 20. Rb7 Qa8 21. Qb4
Rc8 22. Ne5 c5 23. dxc5 Nxc5 24. Bxc5 Rxc5 25. Rb8+ 1-0

[Event "SR 4. liga A21 2008/2009"]
[Site "?"]
[Date "2008.11.23"]
[Round "4.4"]
[White "Hrubsa, Marian"]
[Black "Berger, Patrik"]
[Result "0-1"]
[WhiteElo "1909"]
[BlackElo "1556"]
[PlyCount "56"]
[EventDate "2008.??.??"]

1. e4 c5 2. Nf3 d6 3. d4 cxd4 4. Nxd4 Nf6 5. Nc3 a6 6. Be2 g6 7. O-O Bg7 8. Be3
O-O 9. f4 Nc6 10. f5 Nxd4 11. Bxd4 b5 12. a3 Bb7 13. Bd3 Qa5 14. Qe1 b4 15.
axb4 Qxb4 16. Ra4 Qxb2 17. Nb5 axb5 18. Bxb2 bxa4 19. fxg6 hxg6 20. Rf3 a3 21.
Ba1 Rfb8 22. c4 a2 23. Bc2 Bxe4 24. Bxe4 Nxe4 25. Qxe4 Bxa1 26. Rf1 Bd4+ 27.
Qxd4 Rb1 28. Rxb1 axb1=Q+ 0-1

[Event "SR 4. liga A21 2008/2009"]
[Site "?"]
[Date "2008.11.23"]
[Round "4.4"]
[White "Kubis, Ivan"]
[Black "Harasta, Juraj"]
[Result "1-0"]
[WhiteElo "2042"]
[BlackElo "1628"]
[PlyCount "39"]
[EventDate "2008.??.??"]

1. e4 e5 2. Nf3 Nc6 3. Bc4 Nf6 4. d4 exd4 5. O-O d6 6. Nxd4 Nxd4 7. Qxd4 Be6 8.
Nc3 Qd7 9. Bg5 Bxc4 10. Qxc4 O-O-O 11. Rad1 Qe6 12. Qd4 h6 13. Bxf6 gxf6 14.
Qxa7 Rg8 15. Rd3 c6 16. f4 f5 17. Re1 Bg7 18. Qa8+ Kc7 19. Qa5+ Kb8 20. Qxf5
1-0

[Event "SR 4. liga A21 2008/2009"]
[Site "?"]
[Date "2008.11.23"]
[Round "4.4"]
[White "Planka, Peter"]
[Black "Drabek, Martin"]
[Result "1-0"]
[WhiteElo "1350"]
[BlackElo "1481"]
[PlyCount "99"]
[EventDate "2008.??.??"]

1. e4 e5 2. Nf3 Nc6 3. Bb5 d6 4. d4 Bg4 5. d5 a6 6. dxc6 axb5 7. cxb7 Rb8 8.
Qd5 Qd7 9. Nbd2 Nf6 10. Qd3 Rxb7 11. O-O Be7 12. Re1 O-O 13. c4 bxc4 14. Nxc4
Qb5 15. b3 Be6 16. Nfd2 Qc5 17. Ba3 Qa7 18. b4 Ng4 19. Re2 Bg5 20. Na5 Rb6 21.
Ndc4 Bxc4 22. Nxc4 Rb7 23. Qg3 h5 24. h3 Bf4 25. Qc3 Nf6 26. Na5 Rb6 27. Bc1
Re8 28. g3 Bxc1 29. Rxc1 d5 30. a3 Nxe4 31. Qxc7 Qxc7 32. Rxc7 Rg6 33. Nc6 Kf8
34. b5 Nc3 35. Rb2 Na4 36. Rb4 Nb6 37. a4 d4 38. a5 Nd5 39. Rb7 Nxb4 40. Nxb4
Rd6 41. a6 d3 42. Nxd3 Rxd3 43. a7 Rd1+ 44. Kg2 Ra1 45. b6 Rd1 46. Rb8 Rdd8 47.
Rxd8 Rxd8 48. b7 Ke7 49. b8=Q Rxb8 50. axb8=Q 1-0

[Event "SR 4. liga A21 2008/2009"]
[Site "?"]
[Date "2008.11.23"]
[Round "4.5"]
[White "Danada, Ondrej"]
[Black "Orvisky, Vladimir"]
[Result "1-0"]
[WhiteElo "1891"]
[BlackElo "1903"]
[PlyCount "85"]
[EventDate "2008.??.??"]

1. e4 Nf6 2. Nc3 e5 3. f4 d5 4. exd5 Nxd5 5. Nxd5 Qxd5 6. fxe5 Qxe5+ 7. Qe2
Qxe2+ 8. Bxe2 Bc5 9. Nf3 Nc6 10. c3 Bg4 11. d4 Bd6 12. O-O Ne7 13. Bc4 O-O 14.
Ng5 Bh5 15. Ne4 Nc8 16. Bf4 Bxf4 17. Rxf4 Bg6 18. Nc5 Nd6 19. Bb3 Rad8 20. Bd5
c6 21. Bf3 Rfe8 22. Kf2 Re7 23. Re1 Rde8 24. Rxe7 Rxe7 25. h4 h6 26. h5 Bh7 27.
d5 b6 28. Nb3 cxd5 29. Bxd5 Ne4+ 30. Kf3 Nf6 31. Bc6 Nxh5 32. Rd4 Nf6 33. Rd8+
Ne8 34. Rxe8+ Rxe8 35. Bxe8 Kf8 36. Bc6 Ke7 37. Be4 f5 38. Bd3 h5 39. Nd4 Kf6
40. Nc6 a5 41. Nb8 b5 42. Nd7+ Ke6 43. Nf8+ 1-0

[Event "SR 4. liga A21 2008/2009"]
[Site "?"]
[Date "2008.11.23"]
[Round "4.5"]
[White "Danada, Tomas"]
[Black "Sedlak, Rastislav"]
[Result "0-1"]
[WhiteElo "1508"]
[BlackElo "1590"]
[PlyCount "114"]
[EventDate "2008.??.??"]

1. e4 e5 2. Nf3 Nc6 3. d4 exd4 4. Bc4 h6 5. Nxd4 Nf6 6. Nc3 Bb4 7. Nxc6 Bxc3+
8. bxc3 bxc6 9. O-O O-O 10. Re1 Re8 11. Qf3 d5 12. Bd3 dxe4 13. Bxe4 Nxe4 14.
Bxh6 gxh6 15. Rxe4 Rxe4 16. Qxe4 Qd5 17. Qf4 Bb7 18. Qxh6 c5 19. Qh3 Rd8 20.
Qg4+ Kf8 21. h3 Qe4 22. Qg3 Rd2 23. Rc1 Rxc2 24. Rxc2 Qxc2 25. Qxc7 Qe4 26.
Qxc5+ Ke8 27. Qg5 Bd5 28. Qg8+ Kd7 29. Qg4+ Qxg4 30. hxg4 Bxa2 31. f4 Bc4 32.
Kf2 a5 33. Ke3 a4 34. Kd2 a3 35. Kc2 a2 36. Kb2 Kd6 37. g3 Kd5 38. g5 Ke4 39.
Ka1 Be6 40. Kb2 Kf3 41. c4 Kxg3 42. f5 Bxf5 43. Kxa2 Be6 44. Kb3 Kg4 45. g6
fxg6 46. Kc3 Kf3 47. c5 g5 48. Kd2 Kf2 49. Kd3 g4 50. c6 g3 51. Kd4 g2 52. Ke5
Bc8 53. Kd6 g1=Q 54. Kc7 Bf5 55. Kb8 Qb1+ 56. Ka7 Be4 57. c7 Qb7# 0-1

[Event "SR 4. liga A21 2008/2009"]
[Site "?"]
[Date "2008.11.23"]
[Round "4.5"]
[White "Gubis, Vladimir"]
[Black "Mudroch, Martin"]
[Result "1-0"]
[WhiteElo "1755"]
[BlackElo "1446"]
[PlyCount "45"]
[EventDate "2008.??.??"]

1. d4 d5 2. c4 e6 3. Nc3 Nf6 4. Nf3 Bb4 5. e3 Ne4 6. Qb3 c5 7. dxc5 Bxc3+ 8.
bxc3 Nc6 9. cxd5 exd5 10. Ba3 O-O 11. Rd1 Na5 12. Qc2 Nc6 13. Qb2 Rb8 14. Be2
Be6 15. O-O a6 16. c4 b5 17. cxd5 Bxd5 18. Qc2 b4 19. Bb2 a5 20. Bc4 b3 21. Qc1
Nxc5 22. Bxd5 Qb6 23. Qc3 1-0

[Event "SR 4. liga A21 2008/2009"]
[Site "?"]
[Date "2008.11.23"]
[Round "4.5"]
[White "Havel, Filip"]
[Black "Chrvala, Simon"]
[Result "1/2-1/2"]
[WhiteElo "1399"]
[BlackElo "1464"]
[PlyCount "79"]
[EventDate "2008.??.??"]

1. e4 e5 2. Nf3 Nc6 3. Bb5 d6 4. O-O Be7 5. h3 Bh4 6. c3 a6 7. Bxc6+ bxc6 8. d4
Bf6 9. Be3 h6 10. dxe5 dxe5 11. Qxd8+ Kxd8 12. Nbd2 Be6 13. Rad1 Kc8 14. b3 Ne7
15. Nc4 Bxc4 16. bxc4 Rb8 17. Rd2 Kb7 18. Rd7 Rhe8 19. g4 Kc8 20. Rd2 g5 21.
Kg2 a5 22. Rh1 Ng8 23. h4 gxh4 24. Nxh4 Bxh4 25. Rxh4 Re6 26. Rh1 Rg6 27. f3
Rd6 28. Rxd6 cxd6 29. Bxh6 Rb2+ 30. Kg3 Nxh6 31. Rxh6 Kd7 32. a3 Ra2 33. g5
Rxa3 34. Kg4 Ra1 35. Kf5 Ke7 36. Rh8 Rf1 37. Kg4 Rg1+ 38. Kf5 Rf1 39. Kg4 Rg1+
40. Kf5 1/2-1/2

[Event "SR 4. liga A21 2008/2009"]
[Site "?"]
[Date "2008.11.23"]
[Round "4.5"]
[White "Manak, Adrian"]
[Black "Perickova, Jana"]
[Result "1-0"]
[WhiteElo "1637"]
[BlackElo "1600"]
[PlyCount "89"]
[EventDate "2008.??.??"]

1. e4 e5 2. d4 exd4 3. Nf3 Bc5 4. Bc4 Nc6 5. c3 Qe7 6. O-O dxc3 7. Nxc3 d6 8.
Nd5 Qd8 9. b4 Nxb4 10. Nxb4 Ne7 11. Nd5 Nxd5 12. Bxd5 O-O 13. a4 Qf6 14. Rb1 c6
15. Bc4 Bg4 16. Be2 Bb6 17. Qb3 Rab8 18. Be3 c5 19. Qd5 Rfd8 20. Bg5 Qc3 21.
Bxd8 Rxd8 22. Qxb7 Qc2 23. Nd4 cxd4 24. Bxg4 d3 25. Rxb6 axb6 26. Qxb6 Ra8 27.
Qxd6 g6 28. Rd1 Rxa4 29. Qxd3 Qxd3 30. Rxd3 Rxe4 31. f3 Rb4 32. Bd7 Kf8 33. Kf2
f5 34. Re3 f4 35. Re2 g5 36. Bf5 h6 37. Ra2 Rb7 38. Ra6 Kg7 39. Rg6+ Kf7 40.
Rxh6 Rb2+ 41. Kf1 Rb5 42. Bd3 Ra5 43. h4 Ra1+ 44. Kf2 Ra5 45. Rh5 1-0